00237nam a2200097Ia 450000100070000000500170000700800410002424500400006526000260010530000080013158862020250717120835.0250717s9999 xx 000 0 und d 0aV-4 MASAL ANNEcKORAY AVCI ÇAKMAN bERDEM YAYINLARIc2020 b208